Focus on GIS component software : (Registro nro. 2679)

Detalles MARC
000 -CABECERA
Campo de control 00948cam a2200253 a 4500
005 - FECHA Y HORA DE LA ULTIMA TRANSACCION
Campo de control 20160112033317.0
008 - ELEMENTOS DE LONGITUD FIJA—INFORMACION GENERAL
Campo de control 970428t1997 caua fr 001 0 eng
020 ## - ISBN
ISBN 1566901367
040 ## - FUENTE DE CATALOGACIÓN
Agencia catalogadora original DLC
Agencia transcriptora DLC
Agencia Modificadora CO-BoIAVH
041 ## - IDIOMA
Código de idioma para texto/pista de sonido o título separado Inglés
044 ## - PAÍS DE PUBLICACIÓN
País de publicación Estados Unidos
082 00 - NUMERO DE CLASIFICACION DECIMAL DEWEY
Número de clasificación 910.285
Número del ítem H33f
100 1# - ASIENTO PRINCIPAL--NOMBRE PERSONAL
Nombre personal Hartman, Robert,
Fechas asociadas con el nombre 1962-
245 10 - MENCION DE TITULO
Título Focus on GIS component software :
Parte restante del título featuring MapObjects /
Mención de responsabilidad Robert Hartman.
250 ## - MENCION DE EDICION
Mención de edición 1st ed.
260 ## - PUBLICACION, DISTRIBUCION, ETC. (PIE DE IMPRENTA)
Lugar de publicación, distribución, etc. Santa Monica, Calif. :
Nombre del editor, distribuidor, etc. OnWord Press,
Fecha de publicación, distribución, etc. 1997.
300 ## - DESCRIPCION FISICA
Extensión xxii, 341 paginas. :
Otros detalles físicos ilustraciones. ;
Dimensiones 23 x 18 cm. +
Material acompañante 1 computer laser optical disc (4 3/4 in.)
500 ## - NOTA GENERAL
Nota general Includes index.
650 #0 - ASIENTO SECUNDARIO DE MATERIA - TERMINO TEMATICO
Término temático o nombre geográfico como elemento de entrada Geographic information systems.
650 #0 - ASIENTO SECUNDARIO DE MATERIA - TERMINO TEMATICO
Término temático o nombre geográfico como elemento de entrada Sistemas de Información Geográfica.
Subdivisión general Software
906 ## - LOCAL DATA ELEMENT F, LDF (RLIN)
a 7
b cbu
c orignew
d 1
e ocip
f 19
g y-gencatlg
942 ## - ELEMENTOS ADICIONALES (KOHA)
Sistema de clasificación Dewey Decimal Classification
Tipo de ítem Libro
Existencias
Withdrawn status Lost status Sistema de Clasificación Damaged status No para préstamo Colección Inventariado Ubicación Permanente Ubicación actual Fecha de adquisición Fuente de Valor Valor Total Checkouts Número topográfico Inventario / Código de Barras Date last seen Ejemplar Price effective from Forma de adquisición Tipo de material Public note
    Dewey Decimal Classification     General Inventariado 2017 Bogotá Bogotá 11/06/2002 Instituto 39000.00   LB-910.285 H33f 004981 04/12/2012 Ej.1 04/12/2012 Compra Libro  
          General Inventariado 2017 Bogotá Bogotá 11/06/2002 Instituto 39000.00   LB-02486 004982 04/12/2012 Ej.1 04/12/2012 Compra Libro MapObjects evaluation version